[Event "It (b)"]
[Site "masterchessopen.com Hania (Greece)"]
[Date "1999.08.20"]
[Round "1"]
[White "Babaniotis Evangelos (USA)"]
[Black "Rousakis Ioannis (GRE)"]
[Result "1-0"]
[WhiteElo "2105"]
[BlackElo "2039"]

1.c4 g6 2.Nc3 Bg7 3.d4 Nf6 4.e4 d6 5.Nf3 O-O 6.Be2 e5 7.O-O Nc6 8.d5 Ne7 9.Ne1
Ne8 10.f4 f5 11.fxe5 Bxe5 12.Bh6 Ng7 13.Qd2 fxe4 14.Rxf8+ Qxf8 15.Nxe4 Nef5
16.Bg5 Nd4 17.Nf3 Nxe2+ 18.Qxe2 Bg4 19.Rf1 Qf5 20.Qd3 Bxf3 21.Rxf3 Qc8 22.Bf6
Nf5 23.Bxe5 dxe5 24.Rf2 Qd8 25.g4 Nd4 26.c5 Qh4 27.Nf6+ Kg7 28.Qe4 Qg5 29.h4
Qc1+ 30.Kg2 {#r} 1-0

[Event "It (b)"]
[Site "masterchessopen.com Satka (Russia)"]
[Date "2006.06.29"]
[Round "6"]
[White "Gnusarev Pavel (KAZ)"]
[Black "Vyatkin Dmitry (RUS)"]
[Result "1-0"]
[WhiteElo "2434"]
[BlackElo "2351"]

1.d4 Nf6 2.c4 g6 3.Nc3 Bg7 4.e4 d6 5.Nf3 O-O 6.Be2 e5 7.O-O Nc6 8.d5 Ne7 9.Ne1
Ne8 10.Nd3 f5 11.Bd2 fxe4 12.Nxe4 c6 13.Qb3 Kh8 14.Bg5 Qc7 15.f4 Nf5 16.fxe5
dxe5 17.Qa3 Rg8 18.Rae1 b5 19.dxc6 Qxc6 20.Ndc5 Nc7 21.cxb5 Nxb5 22.Bxb5 Qxb5
23.Rxf5 Bxf5 24.Nd6 {#r} 1-0

[Event "It (cat.1)"]
[Site "masterchessopen.com Budapest (Hungary)"]
[Date "2012.05.12"]
[Round "8"]
[White "Wang Xinyue (CHN)"]
[Black "Farago Sandor (HUN)"]
[Result "0-1"]
[WhiteElo "1954"]
[BlackElo "2296"]

1.c4 Nf6 2.Nc3 g6 3.d4 d6 4.e4 Bg7 5.Nf3 O-O 6.Be2 e5 7.O-O Nc6 8.d5 Ne7 9.Ne1
c6 10.b4 cxd5 11.cxd5 Ne8 12.Be3 f5 13.f3 Bd7 14.a4 Nf6 15.a5 Nh5 16.Nb5 Nc8
17.a6 b6 18.Na3 fxe4 19.fxe4 Rxf1+ 20.Bxf1 Nf6 21.Qb1 Ng4 22.Bd2 b5 23.Nd3
Qb6+ 24.Kh1 Ne3 25.Be2 Qd4 26.Qb2 Qxe4 27.Ne1 Nc4 28.Bxc4 bxc4 29.Rc1 Nb6
30.b5 Rf8 {#R} 0-1

[Event "It (cat.13) (active)"]
[Site "masterchessopen.com Benidorm (Spain)"]
[Round "9"]
[White "Vera Reynaldo (CUB)"]
[Black "Polgar Judit (HUN)"]
[Result "1-0"]
[WhiteElo "2549"]
[BlackElo "2700"]

1.d4 Nf6 2.c4 g6 3.Nc3 Bg7 4.e4 d6 5.Nf3 O-O 6.Be2 e5 7.O-O Nc6 8.d5 Ne7 9.Ne1
b6 10.Nd3 Ne8 11.f4 f5 12.Kh1 Kh8 13.fxe5 dxe5 14.b4 Nd6 15.Nf2 fxe4 16.c5
Ndf5 17.Nfxe4 a5 18.d6 cxd6 19.cxd6 Nc6 20.Bg5 Qe8 21.Nd5 Ncd4 22.Nc7 Qc6
23.Bd3 Ra7 24.Rc1 Qd7 25.Nd5 axb4 26.Be7 Nxe7 27.dxe7 Re8 28.Nxb6 Qe6 29.Nxc8
{#r} 1-0

[Event "It (cat.2)"]
[Site "masterchessopen.com Anapa (Russia)"]
[Round "9"]
[White "Kononenko Alexander (UKR)"]
[Black "Magomedov Murad (RUS)"]
[Result "0-1"]
[WhiteElo "2331"]
[BlackElo "2235"]

1.c4 g6 2.d4 Bg7 3.Nc3 d6 4.Nf3 Nf6 5.e4 O-O 6.Be2 e5 7.O-O Nc6 8.d5 Ne7 9.Ne1
Ne8 10.Be3 f5 11.f3 f4 12.Bf2 g5 13.c5 Rf7 14.Rc1 Bf8 15.Nb5 Ng6 16.cxd6 cxd6
17.Nxa7 Bd7 18.Nb5 Rg7 19.Qb3 h5 20.Na3 g4 21.fxg4 hxg4 22.g3 Qg5 23.Bb5 Bxb5
24.Nxb5 fxg3 25.Bxg3 Qxc1 {#R} 0-1

[Event "It (cat.2)"]
[Site "masterchessopen.com Budapest (Hungary)"]
[Round "5"]
[White "Zimmerman Yuri (ISR)"]
[Black "Kuljabin Vadim (RUS)"]
[Result "1-0"]
[WhiteElo "2320"]
[BlackElo "2230"]

1.d4 Nf6 2.c4 g6 3.Nc3 Bg7 4.e4 d6 5.Nf3 O-O 6.Be2 e5 7.O-O Nc6 8.d5 Ne7 9.Ne1
c5 10.Nd3 Ne8 11.a3 f5 12.f3 f4 13.b4 b6 14.bxc5 bxc5 15.Bd2 g5 16.g4 fxg3
17.hxg3 Ng6 18.Qc1 Bf6 19.Nd1 Ng7 20.Ne3 Nh5 21.Kg2 Rb8 22.Rh1 Ng7 23.Qc3 Nf4+
24.Kf2 g4 25.fxg4 Bh4 26.Bf3 Qf6 27.Nf5 Bxf5 28.gxf5 Nxf5 29.exf5 e4 30.Nxf4
e3+ 31.Qxe3 Rfe8 32.Ne6 {#r} 1-0

[Event "It (cat.3)"]
[Site "masterchessopen.com Budapest (Hungary)"]
[Round "0"]
[White "Farkas Tibor (SRB)"]
[Black "Farago Sandor (HUN)"]
[Result "0-1"]
[WhiteElo "2370"]
[BlackElo "2340"]

1.d4 Nf6 2.Nf3 g6 3.c4 Bg7 4.Nc3 O-O 5.e4 d6 6.Be2 e5 7.O-O Nc6 8.d5 Ne7 9.Ne1
Ne8 10.f3 f5 11.g4 Kh8 12.Bd2 Ng8 13.Ng2 Bf6 14.Qc1 Ng7 15.Nd1 c6 16.Nf2 Bd7
17.b3 a5 18.a4 c5 19.Be3 f4 20.Bd2 h5 21.h3 Nh6 22.Qc3 b6 23.Bd1 Ra7 24.Be1
Bc8 25.Nd3 Raf7 26.Kf2 hxg4 27.hxg4 Nxg4+ 28.fxg4 f3 29.Kg3 fxg2 30.Kxg2 Bg5
31.Rxf7 Rxf7 32.Bg3 Bh4 33.Be2 Bxg3 34.Kxg3 Qg5 35.Rg1 {#R} 0-1

[Event "It (cat.3)"]
[Site "masterchessopen.com Grenoble (France)"]
[Date "2004.06.24"]
[Round "8"]
[White "Van Hoolandt Patrick (MNC)"]
[Black "Aguettaz Maxime (FRA)"]
[Result "1-0"]
[WhiteElo "2269"]
[BlackElo "2349"]

1.d4 Nf6 2.Nf3 d6 3.c4 g6 4.Nc3 Bg7 5.e4 O-O 6.Be2 e5 7.O-O Nc6 8.d5 Ne7 9.Ne1
Ne8 10.f3 f5 11.g4 f4 12.h4 c5 13.Bd2 Bd7 14.Rb1 Bf6 15.Ng2 b6 16.Be1 Kf7
17.a3 Ng8 18.b4 Rc8 19.Nb5 a6 20.Na7 Rc7 21.Nc6 Bxc6 22.dxc6 Ne7 23.bxc5 Rxc6
24.cxb6 Rxb6 25.Ba5 Rxb1 26.Bxd8 Rxd1 27.Rxd1 Nc6 28.Bb6 Be7 29.c5 dxc5
30.Bc4+ Kg7 31.Rd3 Nd6 32.Bd5 Rc8 33.Bxc5 Nd4 {#r} 1-0

[Event "It (cat.5)"]
[Site "masterchessopen.com Ciudad del Este (Paraguay)"]
[Date "2008.01.05"]
[Round "3"]
[White "Diaz Nahuel (ARG)"]
[Black "Larrea Manuel (URU)"]
[Result "1-0"]
[WhiteElo "2442"]
[BlackElo "2267"]

1.d4 Nf6 2.Nf3 g6 3.c4 Bg7 4.Nc3 O-O 5.e4 d6 6.Be2 e5 7.O-O Nc6 8.d5 Ne7 9.Ne1
Ne8 10.f3 f5 11.g4 Kh8 12.h4 Ng8 13.g5 f4 14.Kg2 h6 15.Rh1 Rf7 16.Nd3 Bf8
17.Qg1 Rh7 18.Kf1 Ng7 19.Bd1 Nh5 20.Ne2 hxg5 21.hxg5 Be7 22.Ndxf4 exf4 23.Nxf4
Ng3+ 24.Qxg3 Rxh1+ 25.Kg2 Rxd1 26.Be3 Rxa1 27.Bd4+ Nf6 28.Qh4+ Kg8 29.gxf6
Bxf6 30.Bxf6 Qf8 31.Ne6 Bxe6 32.dxe6 {#r} 1-0

[Event "It (cat.8)"]
[Site "masterchessopen.com Alushta (Ukraine)"]
[Round "7"]
[White "Stjazhkin Viacheslav (RUS)"]
[Black "Agamaliev Gamil (AZE)"]
[Result "0-1"]
[WhiteElo "2405"]
[BlackElo "2518"]

1.d4 Nf6 2.c4 g6 3.Nc3 Bg7 4.e4 d6 5.Nf3 O-O 6.Be2 e5 7.O-O Nc6 8.d5 Ne7 9.Ne1
Ne8 10.Be3 f5 11.f3 f4 12.Bf2 h5 13.a4 g5 14.a5 Rf6 15.c5 Rg6 16.cxd6 Nxd6
17.Nb5 g4 18.Nxd6 cxd6 19.Bh4 Qf8 20.Qa4 Bf6 21.Bxf6 Rxf6 22.Rc1 Ng6 23.a6 Rf7
24.Bb5 Qd8 25.axb7 Bxb7 26.Bc6 Qb6+ 27.Kh1 Ba6 28.Rg1 Rc8 29.Rc2 Rg7 30.Bd7
Rxc2 31.Nxc2 gxf3 32.gxf3 Qf2 33.Be6+ Kh7 34.Ne1 Nh4 35.Rxg7+ Kxg7 {#R} 0-1

[Event "It (cat.8)"]
[Site "masterchessopen.com Alushta (Ukraine)"]
[Date "2004.06.01"]
[Round "14"]
[White "Pavlov Maxim (UKR)"]
[Black "Babaev Rashad (AZE)"]
[Result "0-1"]
[WhiteElo "2331"]
[BlackElo "2469"]

1.d4 Nf6 2.c4 g6 3.Nc3 Bg7 4.e4 d6 5.Nf3 O-O 6.Be2 e5 7.O-O Nc6 8.d5 Ne7 9.Ne1
Ne8 10.Be3 f5 11.f3 f4 12.Bf2 h5 13.c5 g5 14.a4 Rf6 15.a5 Rg6 16.cxd6 Nxd6
17.Kh1 g4 18.Bg1 g3 19.h3 Bxh3 20.gxh3 Qd7 21.Kg2 Nef5 22.exf5 Nxf5 {#R} 0-1

[Event "It (cat.8)"]
[Site "masterchessopen.com Moscow (Russia)"]
[Round "0"]
[White "Kiriakov Petr (RUS)"]
[Black "Iskusnyh Sergei (RUS)"]
[Result "0-1"]
[WhiteElo "2515"]
[BlackElo "2460"]

1.d4 Nf6 2.c4 g6 3.Nc3 Bg7 4.e4 d6 5.Nf3 O-O 6.Be2 e5 7.O-O Nc6 8.d5 Ne7 9.Ne1
Ne8 10.Be3 f5 11.f3 f4 12.Bf2 h5 13.c5 g5 14.a4 Rf6 15.cxd6 Nxd6 16.Rc1 a6
17.Nd3 Rg6 18.Nc5 Kh8 19.Qb3 Qg8 20.a5 g4 21.Bh4 Bf6 22.Bxf6+ Rxf6 23.N3a4 Qg5
24.Kh1 g3 25.Ne6 Bxe6 26.dxe6 gxh2 27.Nc5 Rg8 28.Rf2 Qg3 29.Rcf1 h4 30.Qd1 h3
31.gxh3 Qxh3 {#R} 0-1

[Event "It (cat.8)"]
[Site "masterchessopen.com Rovno (Ukraine)"]
[Round "1"]
[White "Gutman Gennadi (UKR)"]
[Black "Varitski Igor (UKR)"]
[Result "1-0"]
[WhiteElo "2519"]
[BlackElo "2380"]

1.d4 Nf6 2.Nf3 g6 3.c4 Bg7 4.Nc3 O-O 5.e4 d6 6.Be2 e5 7.O-O Nc6 8.d5 Ne7 9.Ne1
Ne8 10.Be3 f5 11.f3 f4 12.Bf2 h5 13.c5 g5 14.a4 Rf6 15.a5 Rg6 16.cxd6 Nxd6
17.Nd3 g4 18.Bh4 g3 19.hxg3 fxg3 20.Qe1 Nc4 21.Nd1 Bh6 22.Bxg3 Ne3 23.Nxe3
Bxe3+ 24.Bf2 Nxd5 25.Nxe5 Qg5 26.Nxg6 Bh3 27.Nh4 {#r} 1-0

[Event "It (cat.8)"]
[Site "masterchessopen.com Rovno (Ukraine)"]
[Round "2"]
[White "Kochetkov German (BLR)"]
[Black "Labensky Igor (UKR)"]
[Result "0-1"]
[WhiteElo "2407"]
[BlackElo "2467"]

1.d4 Nf6 2.c4 g6 3.Nc3 Bg7 4.e4 O-O 5.Nf3 d6 6.Be2 e5 7.O-O Nc6 8.d5 Ne7 9.Ne1
Ne8 10.Nd3 f5 11.f3 f4 12.b4 g5 13.c5 h5 14.Bd2 Nf6 15.Rc1 g4 16.Kh1 g3
17.hxg3 fxg3 18.Qe1 h4 19.cxd6 cxd6 20.Nb5 Ng6 21.Nc7 Rb8 22.b5 Nh5 23.Ba5 b6
24.Bd2 h3 25.f4 hxg2+ 26.Kxg2 Nhxf4+ 27.Nxf4 exf4 28.Rh1 Nh4+ 29.Rxh4 Qxh4
30.Qh1 Qe7 31.Bf3 Rf6 32.Qe1 Rh6 33.Bxf4 Rh2+ 34.Kg1 Rf2 {#R} 0-1

[Event "It (cat.9)"]
[Site "masterchessopen.com Surakarta (Indonesia)"]
[Round "0"]
[White "Sosonko Gennadi (NED)"]
[Black "Gunawan Ronny (INA)"]
[Result "1-0"]
[WhiteElo "2575"]
[BlackElo "2345"]

1.d4 Nf6 2.c4 g6 3.Nc3 Bg7 4.e4 d6 5.Nf3 O-O 6.Be2 e5 7.O-O Nc6 8.d5 Ne7 9.Ne1
c5 10.f4 Ne8 11.Nd3 exf4 12.Bxf4 f6 13.Qd2 Bd7 14.Rab1 g5 15.Bg3 Ng6 16.Nd1
Qe7 17.N1f2 Bh8 18.h3 Ng7 19.b4 b6 20.bxc5 bxc5 21.Bg4 f5 22.exf5 Nxf5 23.Rbe1
Qd8 24.Bh2 Bf6 25.Ne4 Be7 26.Rf2 h6 27.Ref1 Nd4 28.Rxf8+ Nxf8 29.Nxd6 Qb6
30.Ne4 Bxg4 31.hxg4 {#r} 1-0

[Event "It (matches)"]
[Site "masterchessopen.com Cannes (France)"]
[Round "2"]
[White "Sulava Nenad (CRO)"]
[Black "Vuilleumier Alex (SUI)"]
[Result "1-0"]
[WhiteElo "2467"]
[BlackElo "2059"]

1.Nf3 g6 2.c4 Bg7 3.Nc3 d6 4.d4 Nf6 5.e4 O-O 6.Be2 e5 7.O-O Nc6 8.d5 Ne7 9.Ne1
Ne8 10.Be3 f5 11.f3 f4 12.Bf2 g5 13.c5 Nf6 14.a4 Rf7 15.a5 Bf8 16.cxd6 cxd6
17.Nb5 a6 18.Bb6 Qd7 19.Nc7 Rb8 20.Rc1 Ne8 21.Ne6 Kh8 22.Nd3 Ng8 23.Rc4 Be7
24.Qc2 Bf6 25.Rc1 Ne7 26.Bd8 b5 27.axb6 Bb7 28.Bc7 Ra8 29.Qa4 Qxa4 30.Rxa4
{#r} 1-0

[Event "It (open)"]
[Site "masterchessopen.com Alcala de Henares (Spain)"]
[Date "2006.10.08"]
[Round "2"]
[White "Serrano Salvador Eduardo (ESP)"]
[Black "Caravaca Antonio (ESP)"]
[Result "1-0"]
[WhiteElo "2362"]
[BlackElo "2053"]

1.d4 Nf6 2.Nf3 g6 3.c4 Bg7 4.Nc3 O-O 5.e4 d6 6.Be2 e5 7.O-O Nc6 8.d5 Ne7 9.Ne1
c5 10.Nd3 Ne8 11.f4 b6 12.a3 f5 13.Rb1 fxe4 14.Nxe4 Bf5 15.Bf3 Rc8 16.Qe2 Kh8
17.Bd2 Nf6 18.fxe5 dxe5 19.Bc3 Bxe4 20.Bxe4 Nd7 21.g4 Ng8 22.Qg2 Nh6 23.Rxf8+
Qxf8 24.Qh3 Qd6 25.g5 Nf7 26.Qe6 Qxe6 27.dxe6 Nxg5 28.exd7 Rf8 29.Rf1 {#r} 1-0

[Event "It (open)"]
[Site "masterchessopen.com Amoudara (Greece)"]
[Date "2012.08.05"]
[Round "2"]
[White "Sethuraman S P (IND)"]
[Black "Avner S"]
[Result "1-0"]
[WhiteElo "2535"]
[BlackElo "2062"]

1.d4 Nf6 2.c4 g6 3.Nc3 Bg7 4.e4 d6 5.Nf3 O-O 6.Be2 e5 7.O-O Nc6 8.d5 Ne7 9.Ne1
Ne8 10.Be3 f5 11.f3 f4 12.Bf2 g5 13.b4 Ng6 14.g4 fxg3 15.hxg3 Rf7 16.Kg2 Bf6
17.Nd3 h5 18.Rh1 Rh7 19.c5 Bd7 20.Qb3 Qe7 21.c6 bxc6 22.dxc6+ Be6 23.Nd5 Qg7
24.b5 Kh8 25.a4 g4 26.fxg4 h4 27.Be3 Bxg4 28.Bxg4 Nf4+ 29.Kf3 Rh6 30.gxf4 exf4
31.Bxf4 {#r} 1-0

[Event "It (open)"]
[Site "masterchessopen.com Arco (Italy)"]
[Round "9"]
[White "Ager Josef (AUT)"]
[Black "Coratella Giuseppe (ITA)"]
[Result "1-0"]
[WhiteElo "2209"]
[BlackElo "2077"]

1.d4 g6 2.c4 Bg7 3.Nc3 d6 4.e4 Nf6 5.Be2 O-O 6.Nf3 e5 7.O-O Nc6 8.d5 Ne7 9.Ne1
Ne8 10.Be3 f5 11.f3 f4 12.Bf2 g5 13.c5 Rf6 14.a4 h5 15.Nb5 Kh8 16.Nxa7 Bd7
17.cxd6 Nxd6 18.Nd3 Rg6 19.Nb5 Nxb5 20.axb5 Rxa1 21.Qxa1 Ng8 22.Nc5 Bc8 23.Qa8
g4 24.Ne6 Qe7 25.Qxc8 g3 26.Bc5 gxh2+ 27.Kh1 Qf6 28.Qd8 Rxg2 {#r} 1-0

[Event "It (open)"]
[Site "masterchessopen.com Ardennes (France)"]
[Round "4"]
[White "Piermee Emilien (FRA)"]
[Black "Georges Fabrice"]
[Result "1-0"]
[WhiteElo "2121"]
[BlackElo "1980"]

1.d4 Nf6 2.Nf3 g6 3.c4 Bg7 4.Nc3 d6 5.e4 O-O 6.Be2 e5 7.O-O Nc6 8.d5 Ne7 9.Ne1
Ne8 10.a4 f5 11.f3 Nf6 12.Be3 f4 13.Bf2 g5 14.a5 a6 15.c5 Bd7 16.Qb3 Qc8
17.Rc1 Ne8 18.Na4 Rf6 19.Nd3 Kh8 20.cxd6 Nxd6 21.Nb6 Qd8 22.Nxa8 Qxa8 23.Rxc7
Qd8 24.Bb6 Qe8 25.Nxe5 Rh6 26.Rxd7 {#r} 1-0

[Event "It (open)"]
[Site "masterchessopen.com Aschach (Austria)"]
[Date "2004.12.27"]
[Round "3"]
[White "Petkov Vladimir (BUL)"]
[Black "Studnicka Tomas (CZE)"]
[Result "1-0"]
[WhiteElo "2413"]
[BlackElo "2267"]

1.d4 Nf6 2.c4 g6 3.Nc3 Bg7 4.e4 d6 5.Nf3 O-O 6.Be2 e5 7.O-O Nc6 8.d5 Ne7 9.Ne1
Ne8 10.g4 f5 11.f3 c5 12.Ng2 a6 13.Rb1 Bd7 14.b4 cxb4 15.Rxb4 Qc8 16.Rb3 b5
17.Be3 fxg4 18.fxg4 Rxf1+ 19.Kxf1 bxc4 20.Rb4 Nc7 21.a4 a5 22.Rxc4 Qb7 23.Qb1
Rb8 24.Qxb7 Rxb7 25.Bb6 Ncxd5 26.exd5 Rxb6 27.Rc7 Nxd5 28.Nxd5 Rb1+ 29.Kf2
Bxa4 30.Bc4 Rb2+ 31.Kg3 Bb3 32.Nf6+ Kh8 33.Rc8+ Bf8 34.Rxf8+ Kg7 35.Rf7+ {#r}
1-0

[Event "It (open)"]
[Site "masterchessopen.com Bad Harzburg (Germany)"]
[Date "1999.11.28"]
[Round "7"]
[White "Becker Mario (GER)"]
[Black "Werner Bernd-Michael (GER)"]
[Result "0-1"]
[WhiteElo "2137"]
[BlackElo "2176"]

1.d4 Nf6 2.Nf3 g6 3.c4 Bg7 4.Nc3 O-O 5.e4 d6 6.Be2 e5 7.O-O Nc6 8.d5 Ne7 9.Ne1
Ne8 10.Be3 f5 11.f3 f4 12.Bf2 g5 13.g4 h5 14.h3 Kf7 15.Nd3 Rh8 16.c5 Ng6
17.Rc1 Bf8 18.cxd6 Bxd6 19.Nc5 Ng7 20.Bc4 hxg4 21.hxg4 Qf6 22.Ne6 Nf8 23.Nxg7
Kxg7 24.Kg2 Bxg4 25.fxg4 f3+ 26.Qxf3 Rh2+ 27.Kg3 Qh6 28.Qf7+ Kxf7 29.Bg1+ Kg7
30.Bxh2 Ng6 31.Kg2 Rh8 {#R} 0-1

[Event "It (open)"]
[Site "masterchessopen.com Bad Harzburg (Germany)"]
[Date "2001.11.03"]
[Round "6"]
[White "Kiesslich Wolfgang (GER)"]
[Black "Grueneschild Hildegard (GER)"]
[Result "1-0"]
[WhiteElo "2006"]
[BlackElo "1634"]

1.d4 Nf6 2.Nf3 g6 3.c4 d6 4.Nc3 Bg7 5.e4 O-O 6.Be2 e5 7.O-O Nc6 8.d5 Ne7 9.Ne1
Ne8 10.f4 f5 11.fxe5 Bxe5 12.Nf3 Bg7 13.Bd3 fxe4 14.Bxe4 Nf6 15.Bc2 Nf5 16.Ng5
Re8 17.Re1 Rxe1+ 18.Qxe1 Nd4 19.Ba4 Bf5 20.Ne6 Nxe6 21.dxe6 Qe7 22.Nd5 Nxd5
23.cxd5 a6 24.Bd7 Bd4+ 25.Kh1 g5 26.Qe2 g4 27.Be3 Be5 28.Rf1 Qh4 29.g3 Qh5
30.Bf4 Qh3 31.Bxe5 {#r} 1-0

[Event "It (open)"]
[Site "masterchessopen.com Bad Harzburg (Germany)"]
[Date "2002.11.24"]
[Round "7"]
[White "Hettler Wolfgang (GER)"]
[Black "Oppitz Peter (GER)"]
[Result "0-1"]
[WhiteElo "2109"]
[BlackElo "2205"]

1.d4 Nf6 2.c4 g6 3.Nc3 Bg7 4.e4 d6 5.Be2 O-O 6.Nf3 e5 7.O-O Nc6 8.d5 Ne7 9.Ne1
Ne8 10.Be3 f5 11.f3 f4 12.Bf2 h5 13.a4 g5 14.a5 Ng6 15.c5 Rf7 16.cxd6 cxd6
17.b4 Bf8 18.Nb5 a6 19.Na7 Bd7 20.Rc1 Qb8 21.Nc6 bxc6 22.dxc6 Be6 23.Bb6 Nc7
{#R} 0-1

[Event "It (open)"]
[Site "masterchessopen.com Bad Harzburg (Germany)"]
[Date "2007.10.26"]
[Round "5"]
[White "Ramme Christoph (GER)"]
[Black "Oppitz Peter (GER)"]
[Result "0-1"]
[WhiteElo "2059"]
[BlackElo "2182"]

1.d4 Nf6 2.Nf3 g6 3.c4 Bg7 4.Nc3 O-O 5.e4 d6 6.Be2 e5 7.O-O Nc6 8.d5 Ne7 9.Ne1
Ne8 10.f3 f5 11.Nd3 f4 12.g4 Bf6 13.Bd2 h5 14.h3 hxg4 15.hxg4 Kf7 16.Kg2 Bh4
17.Rh1 g5 18.Be1 Ng6 19.Bxh4 Nxh4+ 20.Kf2 Rh8 21.b4 Nf6 22.c5 Bd7 23.Nb2 Qe7
24.cxd6 cxd6 25.a4 Rac8 26.Rc1 Bxg4 27.Nb5 a6 28.Nc3 Bd7 29.Qd3 g4 30.fxg4
Bxg4 31.Bxg4 Nxg4+ 32.Ke1 Ne3 {#R} 0-1

[Event "It (open)"]
[Site "masterchessopen.com Bad Wiessee (Germany)"]
[Round "5"]
[White "Weichelt Jens (GER)"]
[Black "Muster Frank (GER)"]
[Result "1-0"]
[WhiteElo "2138"]
[BlackElo "2120"]

1.Nf3 Nf6 2.d4 g6 3.c4 Bg7 4.Nc3 O-O 5.e4 d6 6.Be2 e5 7.O-O Nc6 8.d5 Ne7 9.Ne1
Ne8 10.Nd3 Kh8 11.f4 f5 12.Bf3 c6 13.Qe2 cxd5 14.cxd5 fxe4 15.Bxe4 Nf6 16.fxe5
Bg4 17.exf6 Bxe2 18.fxg7+ Kxg7 19.Rxf8 Qxf8 20.Nxe2 Kg8 21.Bd2 Qf6 22.Rf1 Qxb2
23.Nxb2 {#r} 1-0

[Event "It (open)"]
[Site "masterchessopen.com Bad Wiessee (Germany)"]
[Date "2001.10.27"]
[Round "1"]
[White "Deglmann Ludwig (GER)"]
[Black "Winter Bernd (GER)"]
[Result "1-0"]
[WhiteElo "2284"]
[BlackElo "1942"]

1.d4 Nf6 2.Nf3 g6 3.c4 Bg7 4.Nc3 O-O 5.e4 d6 6.Be2 e5 7.O-O Nc6 8.d5 Ne7 9.Ne1
Ne8 10.Nd3 f5 11.f4 fxe4 12.Nxe4 Bf5 13.Bf3 Bxe4 14.Bxe4 Nf6 15.Qe2 Nxe4
16.Qxe4 Nf5 17.fxe5 dxe5 18.Nc5 Nd4 19.Be3 b6 20.Bxd4 exd4 21.Ne6 Qe7 22.Rae1
Rxf1+ 23.Rxf1 Re8 24.Qf4 c5 25.Re1 Qf6 26.Qxf6 Bxf6 27.Kf2 Kf7 28.Ke2 Ke7
29.Kd3 Kd6 30.Rf1 Ke5 31.a3 a5 32.Nxc5 Bg5 33.Ne6 Be3 34.Nxd4 {#r} 1-0

[Event "It (open)"]
[Site "masterchessopen.com Bad Woerishofen (Germany)"]
[Round "5"]
[White "Wells Peter K (ENG)"]
[Black "Kupreichik Viktor D (BLR)"]
[Result "0-1"]
[WhiteElo "2530"]
[BlackElo "2500"]

1.d4 Nf6 2.c4 g6 3.Nc3 Bg7 4.e4 d6 5.Nf3 O-O 6.Be2 e5 7.O-O Nc6 8.d5 Ne7 9.Ne1
Ne8 10.f4 exf4 11.Bxf4 h6 12.Nf3 f5 13.e5 g5 14.exd6 cxd6 15.Be3 f4 16.Bf2 Nf5
17.Nd4 Be5 18.Ne6 Bxe6 19.dxe6 Nc7 20.Bf3 Kh8 21.Qd3 Nxe6 22.Bxb7 Nc5 23.Bxc5
dxc5 24.Qh3 Rb8 25.Be4 g4 26.Qxg4 Rxb2 27.Nd5 Qg5 28.Qh3 Nd6 29.Rae1 Nxe4
30.Rxe4 Rg8 31.g4 fxg3 32.Rg4 Bd4+ {#R} 0-1

[Event "It (open)"]
[Site "masterchessopen.com Bad Woerishofen (Germany)"]
[Round "5"]
[White "Mantzouneas Nikolaos (GRE)"]
[Black "Stoffel Matthias (GER)"]
[Result "0-1"]
[WhiteElo "2017"]
[BlackElo "2017"]

1.d4 Nf6 2.Nf3 g6 3.c4 Bg7 4.Nc3 d6 5.e4 O-O 6.Be2 e5 7.O-O Nc6 8.d5 Ne7 9.Ne1
Ne8 10.Be3 f5 11.f3 f4 12.Bf2 g5 13.c5 Ng6 14.Rc1 Rf7 15.cxd6 cxd6 16.Nb5 Bd7
17.a4 h5 18.h3 Bf8 19.b4 a6 20.Na3 Nf6 21.Nc4 g4 22.hxg4 hxg4 23.g3 fxg3
24.Bxg3 Nh5 25.Bf2 g3 26.Be3 Qh4 27.Rf2 gxf2+ 28.Bxf2 Qg5+ 29.Ng2 Ngf4 30.Bf1
Nh3+ {#R} 0-1

[Event "It (open)"]
[Site "masterchessopen.com Bad Woerishofen (Germany)"]
[Date "2008.02.28"]
[Round "1"]
[White "Klein Gereon (GER)"]
[Black "Kesik Klaus-Dieter (GER)"]
[Result "0-1"]
[WhiteElo "1961"]
[BlackElo "2265"]

1.Nf3 Nf6 2.c4 g6 3.Nc3 Bg7 4.e4 d6 5.d4 O-O 6.Be2 e5 7.O-O Nc6 8.d5 Ne7 9.Ne1
Ne8 10.f3 f5 11.g4 Kh8 12.Nd3 Ng8 13.Bd2 Bd7 14.b4 a5 15.bxa5 Rxa5 16.Nb5 Ra8
17.a4 Bh6 18.Nf2 Qh4 19.Kg2 c6 20.Nc3 cxd5 21.Nxd5 Bxd2 22.Qxd2 Rxa4 23.Rxa4
Bxa4 24.c5 Bc6 25.Qb2 fxe4 26.fxe4 Nef6 27.Nxf6 Qxf6 28.cxd6 Qxd6 29.h3 Qe7
30.Kg1 Nf6 31.Nd3 Nd7 32.Rxf8+ Qxf8 33.Nxe5 Qc5+ {#R} 0-1

[Event "It (open)"]
[Site "masterchessopen.com Bad Zwesten (Germany)"]
[Round "7"]
[White "Loskamp Stefan (GER)"]
[Black "Bosse Volkmar (GER)"]
[Result "1-0"]
[WhiteElo "2139"]
[BlackElo "1943"]

1.d4 Nf6 2.Nf3 g6 3.c4 d6 4.Nc3 Bg7 5.e4 O-O 6.Be2 Nc6 7.O-O e5 8.d5 Ne7 9.Ne1
Ne8 10.Be3 f5 11.f3 f4 12.Bf2 g5 13.a4 a5 14.Nd3 b6 15.b4 axb4 16.Nb5 Bd7
17.Qb3 Rf6 18.c5 Rh6 19.cxb6 Qc8 20.Na7 Rxa7 21.bxa7 Bh3 22.g4 fxg3 23.Qxb4
gxh2+ 24.Kh1 Bg2+ 25.Kxg2 Qh3+ 26.Kh1 g4 27.fxg4 Nf6 28.a8=Q+ Kf7 29.Nxe5+
dxe5 30.Ra3 Qxf1+ 31.Bxf1 Nxg4 32.Rf3+ {#r} 1-0

[Event "It (open)"]
[Site "masterchessopen.com Badenweiler (Germany)"]
[Round "0"]
[White "Hertneck Gerald (GER)"]
[Black "Kupreichik Viktor D (BLR)"]
[Result "0-1"]
[WhiteElo "2547"]
[BlackElo "2490"]

1.Nf3 Nf6 2.c4 g6 3.Nc3 Bg7 4.e4 d6 5.d4 O-O 6.Be2 e5 7.O-O Nc6 8.d5 Ne7 9.Ne1
Ne8 10.Nd3 f5 11.Bd2 fxe4 12.Nxe4 Nf5 13.Bg4 c6 14.Rc1 a5 15.Re1 cxd5 16.cxd5
h6 17.Bh3 b5 18.f3 Bb7 19.Ndf2 Nc7 20.Bxf5 gxf5 21.Ng3 Nxd5 22.Nh5 Qb6 23.Qb3
a4 24.Qd3 e4 25.fxe4 Qxf2+ 26.Kh1 Nf6 27.Nxg7 Nxe4 28.Re2 Nc5 {#R} 0-1

[Event "It (open)"]
[Site "masterchessopen.com Barbera del Valles (Spain)"]
[Date "2012.07.04"]
[Round "1"]
[White "Moreto Quintana Alex (ESP)"]
[Black "Fernandez Alexey (CUB)"]
[Result "0-1"]
[WhiteElo "2166"]
[BlackElo "2427"]

1.d4 Nf6 2.c4 g6 3.Nc3 Bg7 4.e4 d6 5.Nf3 O-O 6.Be2 e5 7.O-O Nc6 8.d5 Ne7 9.Ne1
Ne8 10.f3 f5 11.g4 Kh8 12.Nd3 h6 13.Be3 fxg4 14.fxg4 g5 15.Rxf8+ Bxf8 16.c5
Ng6 17.cxd6 cxd6 18.a4 Nf4 19.Nxf4 gxf4 20.Bf2 Qg5 21.Rc1 Bxg4 22.Bxg4 Nf6
23.h3 h5 24.Qe1 hxg4 25.Bh4 Qg6 26.Bxf6+ Qxf6 27.hxg4 Bh6 28.Rc2 Rg8 29.Rg2 f3
30.Rg3 Qh4 31.Qf2 Be3 {#R} 0-1

[Event "It (open)"]
[Site "masterchessopen.com Batumi (Georgia)"]
[Round "8"]
[White "Bayramov Vugar (AZE)"]
[Black "Mamedov Nidjat (AZE)"]
[Result "1-0"]
[WhiteElo "2317"]
[BlackElo "2405"]

1.d4 Nf6 2.c4 g6 3.Nc3 Bg7 4.e4 d6 5.Be2 O-O 6.Nf3 e5 7.O-O Nc6 8.d5 Ne7 9.Ne1
c5 10.dxc6 bxc6 11.Bg5 Be6 12.Qa4 h6 13.Be3 d5 14.cxd5 cxd5 15.exd5 Nexd5
16.Nxd5 Qxd5 17.b3 Bd7 18.Qa6 Bc8 19.Qa3 Bb7 20.Rd1 Qe6 21.Nf3 a5 22.Qd6 Qxd6
23.Rxd6 Nd5 24.Bc4 Nxe3 25.fxe3 Kh7 26.Nh4 f6 27.Rfd1 Be4 28.Rd7 g5 29.Nf3 h5
30.a4 Kh6 31.R1d6 Bf5 32.Rc7 Bg6 33.Nxe5 Be4 34.Nf7+ Kh7 35.Rdd7 {#r} 1-0